[Event "ENG Chessable-ch Seniors 65+"]
[Site "Kenilworth"]
[Date "2022.05.08"]
[Round "7"]
[White "Mattia, Luciano"]
[Black "Hall, Alan"]
[Result "0-1"]
[WhiteElo "1494"]
[BlackElo "1710"]
[PlyCount "34"]
[EventDate "2022.05.04"]
[EventType "swiss"]
[EventRounds "7"]
[EventCountry "ENG"]
[SourceTitle "CBM 208 Extra"]
[Source "ChessBase"]
[SourceDate "2022.07.31"]
[SourceVersion "1"]
[SourceVersionDate "2022.07.31"]
[SourceQuality "1"]

1. e4 e5 2. Nf3 Nf6 3. Nxe5 d6 4. Nf3 Nxe4 5. d4 d5 6. Bd3 Bd6 7. 0-0 0-0 8. Re1 Re8 9. Bxe4 dxe4 10. Ng5 Bf5 11. Nc3 Nc6 12. Ngxe4 Nxd4 13. Qxd4 Bxh2+ 14. Kxh2 Qxd4 15. Be3 Qe5+ 16. Kg1 Bxe4 17. Bd2 Qf5 0-1

[Event "ENG Chessable-ch Seniors 65+"]
[Site "Kenilworth"]
[Date "2022.05.04"]
[Round "1"]
[White "Mattia, Luciano"]
[Black "Bellers, Chris J"]
[Result "0-1"]
[WhiteElo "1494"]
[BlackElo "1918"]
[PlyCount "144"]
[EventDate "2022.05.04"]
[EventType "swiss"]
[EventRounds "7"]
[EventCountry "ENG"]
[SourceTitle "CBM 208 Extra"]
[Source "ChessBase"]
[SourceDate "2022.07.31"]
[SourceVersion "1"]
[SourceVersionDate "2022.07.31"]
[SourceQuality "1"]

1. e4 g6 2. d4 Bg7 3. Nf3 c5 4. c3 cxd4 5. cxd4 d5 6. Bb5+ Nd7 7. e5 a6 8. Qa4 Nh6 9. 0-0 0-0 10. Bxd7 Bxd7 11. Qd1 Bg4 12. h3 Bxf3 13. Qxf3 Nf5 14. Nc3 Nxd4 15. Qxd5 Ne2+ 16. Kh1 Nxc3 17. Qxd8 Rfxd8 18. bxc3 Bxe5 19. Bb2 Rd2 20. Rab1 b5 21. f4 Bf6 22. Rf3 Rad8 23. Re3 Rc2 24. Ba3 e6 25. Bb4 Rxa2 26. Rc1 Rdd2 27. g4 h6 28. Bc5 Bh4 29. Rf3 Rdc2 30. Rxc2 Rxc2 31. Bb4 Bf6 32. Rd3 Kg7 33. Ba5 e5 34. fxe5 Bxe5 35. Bb4 Kf6 36. Re3 Ke6 37. Rd3 f5 38. gxf5+ gxf5 39. Ba5 f4 40. Bb4 Kf5 41. Rd8 Bxc3 42. Rc8 Rc1+ 43. Kg2 Bb2 44. Rf8+ Ke4 45. Re8+ Kd3 46. Rf8 Be5 47. Rd8+ Bd4 48. Rf8 Be3 49. Rd8+ Ke2 50. Rf8 f3+ 51. Kg3 Rg1+ 52. Kh4 Rg5 53. Be1 Re5 54. Bg3 Bf2 55. Bxf2 Kxf2 56. Rxf3+ Ke2 57. Rf6 b4 58. Rxa6 Rb5 59. Rxh6 b3 60. Re6+ Kf2 61. Rf6+ Kg2 62. Rg6+ Kh2 63. Rd6 Rb4+ 64. Kg5 Kxh3 65. Rd3+ Kg2 66. Rd2+ Kf3 67. Rb2 Rb5+ 68. Kh4 Ke3 69. Kg4 Kd3 70. Rf2 b2 71. Rf3+ Ke2 72. Kg3 Rg5+ 0-1